| 000 | 01159cam a22003377a 4500 | ||
|---|---|---|---|
| 003 | CHAP | ||
| 005 | 20220329134849.0 | ||
| 008 | 971013s1959 r 00010 d | ||
| 010 | _a27125 | ||
| 011 | _a28097 | ||
| 035 | _a32199 | ||
| 040 | _cCHAP | ||
| 090 | _aFolleto 8748 | ||
| 100 | 0 | 0 |
_aLaird, Reggie J. _964497 |
| 245 | 0 | _aFertilizantes y población óptima de plantas para maíz de temporal en Jalisco | |
| 260 |
_aMéxico : _bOficina de Estudios Especiales, _c1959 |
||
| 300 |
_a61 p. _b: ilus. ; gráfs. |
||
| 490 | 0 |
_aOficina de Estudios Especiales. Folleto técnico _v; 35 |
|
| 590 |
_aBATCH-UPD _b10 _c20130110 _lUCH01 _h1211 |
||
| 590 |
_aBATCH-UPD _b10 _c20130410 _lUCH01 _h0750 |
||
| 590 |
_aBATCH-UPD _b10 _c20130914 _lUCH01 _h1405 |
||
| 590 |
_aCONVERSION _b10 _c20130109 _lUCH01 _h1316 |
||
| 650 | 1 | 4 |
_aFertilizantes para maíz. _940625 |
| 650 | 1 | 4 |
_aMaíz _xEspaciamiento. _970946 |
| 650 | 1 | 4 |
_aMaíz _zJalisco. _971096 |
| 700 | 0 |
_aLizárraga H., Héctor. _967221 |
|
| 830 | 0 |
_aOficina de Estudios Especiales. Folleto técnico _v; 35 _982802 |
|
| 901 | _aBK | ||
| 942 | _cFOLL | ||
| 949 |
_aFolleto 8748 _bBC _cFOLL _d-74474 _eTS1 _i32199 _mD _si |
||
| 999 |
_c27125 _d27125 |
||